00818nam a2200241 a 450000100060000000300090000600500170001500800410003202000150007302000160008803500190010404000260012304100080014908200280015724501670018526000510035230000340040350400480043765000340048570000250051970000160054470000160056052023UBD-RjUL20211209075737.0160905s1996 enka 001 0 eng d a1853833215 a1853833266  a(BD-RjUL)52143 aBD-RjULbengcBD-RjUL aeng0 223a363.70083bENV 199604aThe environment for children :bunderstanding and acting on the environmental hazards that threaten children and their parents /cDavid Satterthwaite ... [et al.] aLondon :bEarthscan Publications Ltd. ,c1996. axiv, 284 p. :bill. ;c25 cm. aBibliography: p. 259-274. - Includes index. 0aChildren and the environment. aSatterthwaite, David aHart, Roger aLevy, Caren